Kształty Państw na litere S - Statystyki

Ogólne statystyki
  • Ten quiz został rozwiązany 34 razy
    28 od ostatniego zresetowania
  • Średni wynik to 17 z 22
Statystyki odpowiedzi
Obrazkowy Odpowiedź % Poprawnych
Stany Zjednoczone
100%
Somalia
95%
Szwecja
95%
Słowacja
91%
Sri lanka
91%
Szwajcaria
91%
Senegal
86%
Serbia
86%
Słowenia
86%
Sudan
82%
Samoa
77%
Seszele
77%
Singapur
73%
Syria
73%
Saint Vincent
68%
Saint kitts
64%
Salwador
64%
Sudan południowy
64%
Sierra leone
59%
Surinam
59%
Saint lucia
50%
San Marino
45%
Nie znaleziono quizów pasujących do podanych kryteriów
Rozkład punktacji
Procent ludzi z każdym wynikiem
Percentyl według liczby udzielonych odpowiedzi
Twoja historia wyników
Nie rozwiązałeś tego quizu od ostatniego zresetowania